Terrorism and human rights in North East India (Record no. 2141)

MARC details
000 -LEADER
fixed length control field 00766 a2200205 4500
010 ## - LIBRARY OF CONGRESS CONTROL NUMBER
LC control number ENG-85377
020 ## - INTERNATIONAL STANDARD BOOK NUMBER
International Standard Book Number 8186867279
Terms of availability 800.00
035 ## - SYSTEM CONTROL NUMBER
System control number EN-68910
037 ## - SOURCE OF ACQUISITION
Source of stock number/acquisition D.B.Act / Pub
082 14 - DEWEY DECIMAL CLASSIFICATION NUMBER
Classification number 303.625
090 ## - LOCALLY ASSIGNED LC-TYPE CALL NUMBER (OCLC); LOCAL CALL NUMBER (OCLC)
-- 2181
-- 2181
245 1# - TITLE STATEMENT
Title Terrorism and human rights in North East India
Statement of responsibility, etc edited by Ashok Kumar Ray and B. J. Deb
260 ## - PUBLICATION, DISTRIBUTION, ETC. (IMPRINT)
Place of publication, distribution, etc New Delhi
Name of publisher, distributor, etc Om Publications
Date of publication, distribution, etc 2007
270 ## - ADDRESS
Address 2783, (1st Floor) Bhagat Singh Gali No. 6, Chuna Mandi, Pahar Ganj
City New Delhi
Postal code 110 055
Telephone number 011-65354141, 9811393986
Electronic mail address ibp@ndf.vsnl.net.in
300 ## - PHYSICAL DESCRIPTION
Extent 268 p.
Dimensions 22 cm (Hb.)
500 ## - GENERAL NOTE
General note Includes index
710 1# - ADDED ENTRY--CORPORATE NAME
Corporate name or jurisdiction name as entry element Ray, Ashok kumar
942 ## - ADDED ENTRY ELEMENTS (KOHA)
Institution code [OBSOLETE] dpl
Koha item type English Books
Call number prefix 303.625 / TER
Holdings
Withdrawn status Lost status Source of classification or shelving scheme Damaged status Not for loan Collection code Home library Current library Source of acquisition Cost, normal purchase price Total Checkouts Full call number Barcode Date last seen Copy number Uniform Resource Identifier Cost, replacement price Price effective from Koha item type
    Dewey Decimal Classification   Not For Loan Non-fiction D.B.Act.Division D.B.Act.Division DBAD/PUB 800.00   303.625 TER EN-68910 15/09/2008 1 2272 800.00 15/09/2008 English Books

© Delhi Public Library
Hit Counter
free hit counter